000 00977nam a2200301 i 4500
001 bg
003 BPK
005 20200424135038.0
008 040519s1976 pl a f f |000 0 pol
015 _aPB 1976/5723
040 _cBPK
041 0 _apol
080 _a532
080 _a556.5
080 _a(075.8)
100 1 _aSzuster, Andrzej
_d(1931-2008)
_eAutor
245 1 0 _aHydraulika i hydrologia /
_cAndrzej Szuster, Bohdan Utrysko.
250 _aWyd. 3 popr.
260 _aWarszawa :
_bWydawnictwa Politechniki Warszawskiej,
_c1976
_e(Warsz :
_fPW).
300 _a293 s. :
_bil., mapy, tab., wykr. ;
_c25 cm.
650 4 _aHydraulika
650 4 _aHydrologia
655 4 _aPodręczniki akademickie
700 1 _aUtrysko, Bohdan
_eAutor
710 2 _aWydawnictwa Politechniki Warszawskiej
_4pbl.
942 _2UKD
_cKS
856 _uhttp://koha.tu.koszalin.pl/cgi-bin/koha/opac-detail.pl?biblionumber=1534
_yKatalog online BPK
999 _c1534
_d1534